the power of habit (Record no. 9263)
[ view plain ]
| 000 -LEADER | |
|---|---|
| fixed length control field | 00991nam a22001937a 4500 |
| 003 - CONTROL NUMBER IDENTIFIER | |
| control field | OSt |
| 005 - DATE AND TIME OF LATEST TRANSACTION | |
| control field | 20260319055435.0 |
| 008 - FIXED-LENGTH DATA ELEMENTS--GENERAL INFORMATION | |
| fixed length control field | 260319b |||||||| |||| 00| 0 eng d |
| 040 ## - CATALOGING SOURCE | |
| Original cataloging agency | DWCL GS library |
| Transcribing agency | OC |
| 082 ## - DEWEY DECIMAL CLASSIFICATION NUMBER | |
| Classification number | Prof. 158.1 D871 2022 |
| 100 ## - MAIN ENTRY--PERSONAL NAME | |
| Personal name | Duhigg, charles |
| 245 ## - TITLE STATEMENT | |
| Title | the power of habit |
| Remainder of title | : why we do what we so and how to change |
| Statement of responsibility, etc. | Charles Duhigg |
| 260 ## - PUBLICATION, DISTRIBUTION, ETC. | |
| Place of publication, distribution, etc. | United Kingdom |
| Name of publisher, distributor, etc. | Paperback |
| Date of publication, distribution, etc. | c2012 |
| 300 ## - PHYSICAL DESCRIPTION | |
| Extent | 379 |
| Dimensions | 19cm |
| 520 ## - SUMMARY, ETC. | |
| Summary, etc. | The Power of Habit by Charles Duhigg explains that habits are not destiny, but rather neurological loops consisting of a cue, routine, and reward. By identifying the cue and reward, individuals can change the routine—the behavior—to transform habits. Key takeaways include understanding "keystone habits" that trigger widespread change and the necessity of belief in the change process. |
| 546 ## - LANGUAGE NOTE | |
| Language note | English |
| 700 ## - ADDED ENTRY--PERSONAL NAME | |
| Personal name | Charles Duhigg |
| 942 ## - ADDED ENTRY ELEMENTS (KOHA) | |
| Source of classification or shelving scheme | Dewey Decimal Classification |
| Koha item type | Professional Collections |
| Classification part | Prof. 158.1 D871 2022 |
| Suppress in OPAC | No |
| 952 ## - LOCATION AND ITEM INFORMATION (KOHA) | |
| -- | |
| Withdrawn status | Lost status | Source of classification or shelving scheme | Damaged status | Not for loan | Home library | Current library | Shelving location | Date acquired | Source of acquisition | Total Checkouts | Full call number | Barcode | Date last seen | Price effective from | Koha item type | Uniform Resource Identifier |
|---|---|---|---|---|---|---|---|---|---|---|---|---|---|---|---|---|
| Dewey Decimal Classification | Grade School Library | Grade School Library | Fiction | 03/19/2026 | School Fund, Donation | Prof. 158.1 D871 2022 | 23982 | 03/19/2026 | 03/19/2026 | PROF. |